000
00235nam a2200097Ia 4500
008
191206s9999 xx 000 0 und d
020
_a
63887703
090
_a
QP34.5.T67
245
0
_a
Principles of anatomy and physiology
260
_c
c1940
999
_c
16733
_d
16733